Ready Player One.
-д хадгалсан:
| Үндсэн зохиолч: | |
|---|---|
| Бусад зохиолчид: | |
| Формат: | Ном |
| Хэвлэсэн: |
Barcelona, España:
Ediciones B,
2011.
|
| Хэвлэл: | 1a. edición. |
| Нөхцлүүд: | |
| Шошгууд: |
Шошго нэмэх
Шошго байхгүй, Энэхүү баримтыг шошголох эхний хүн болох!
|
MARC
| LEADER | 00000nam a22000007a 4500 | ||
|---|---|---|---|
| 003 | CL-VaPUC | ||
| 005 | 20250321101925.0 | ||
| 008 | 250120t2011 ||||| |||| 00| 0 eng d | ||
| 999 | |c 446617 |d 446615 | ||
| 020 | |a 978-84-666-4917-9 | ||
| 040 | |c Pontificia Universidad Católica de Valparaíso | ||
| 082 | |a 813 CLI 2011 | ||
| 100 | |9 895547 |a Cline, Ernest |e autor | ||
| 245 | |a Ready Player One. | ||
| 250 | |a 1a. edición. | ||
| 260 | |a Barcelona, España: |b Ediciones B, |c 2011. | ||
| 300 | |a 462 páginas. | ||
| 500 | |a c.1. Instituto Arcos.08-01-2025. | ||
| 583 | |c 20250120 |k Gabriela Rodríguez Cuevas | ||
| 650 | 0 | |9 265217 |a Novelas estadounidenses |x Ciencia ficción | |
| 650 | 0 | |9 894043 |a Realidad virtual |x Ficción | |
| 700 | |9 895548 |a Estrella, Juanjo |e traductor | ||
| 942 | |2 ddc |c BK |n 0 | ||
| 952 | |0 0 |1 0 |2 ddc |4 0 |6 813_000000000000000_CLI_2011 |7 0 |9 599529 |a BIBINC |b BIBINC |c GEN |d 2025-01-20 |e Instituto Arcos |i 5664385 |o 813 CLI 2011 |p 5664385 |r 2025-01-20 |t 1 |w 2025-01-20 |y BK |k IFP | ||